[Event "Ch Sweden"]
[Site "masterchessopen.com - Sweden"]
[Round "0"]
[White "Lundin Erik (SWE)"]
[Black "Jansson Borje (SWE)"]
[Result "1-0"]
[WhiteElo "2375"]
[BlackElo "2334"]

1.d4 Nf6 2.c4 c5 3.d5 e5 4.Nc3 d6 5.e4 g6 6.f4 exf4 7.Bxf4 Nh5 8.Be3 Bg7 9.Be2
Bxc3+ 10.bxc3 Qh4+ 11.Kd2 Qxe4 12.Nf3 Bg4 13.Bd3 Bxf3 14.Qa4+ {#r} 1-0

[Event "Ch \"]
[Site "masterchessopen.com - Ukraine"]
[Round "10"]
[White "Bannik Anatoly (GER)"]
[Black "Margulis Isaak (USA)"]
[Result "1-0"]
[WhiteElo "2175"]
[BlackElo "2084"]

1.d4 Nf6 2.c4 c5 3.d5 e5 4.Nc3 d6 5.g3 Be7 6.Bg2 O-O 7.Nf3 Ne8 8.e4 g6 9.h4
Ng7 10.Bh6 Bg4 11.Bh3 Qd7 12.Nxe5 dxe5 13.Bxg4 Qc7 14.Qd2 f5 15.Bh3 Rf7
16.O-O-O Ne8 17.Qe2 Nd7 18.exf5 {#r} 1-0

[Event "Ch Italy"]
[Site "masterchessopen.com - Savona (Italy)"]
[Round "4"]
[White "Romani Elio (ITA)"]
[Black "Paoli Enrico (ITA)"]
[Result "0-1"]
[WhiteElo "2275"]
[BlackElo "2300"]

1.d4 Nf6 2.c4 c5 3.d5 e5 4.Nc3 d6 5.e4 Be7 6.Bd3 O-O 7.Nge2 a6 8.O-O Nh5 9.f4
exf4 10.Nxf4 Nf6 11.Nh5 Ng4 12.h3 Ne5 13.Bf4 Nbd7 14.Be2 Ng6 15.Bh2 Nde5 16.b3
Bg5 17.Qe1 Be3+ 18.Kh1 Qg5 19.Qg3 Qh6 20.Rf5 Bd4 21.Raf1 Qd2 {#R} 0-1

[Event "It (open)"]
[Site "masterchessopen.com - Mar del Plata (Argentina)"]
[Round "9"]
[White "Agdamus Jose Luis (BRA)"]
[Black "Cordero Alfredo (ARG)"]
[Result "1-0"]
[WhiteElo "2276"]
[BlackElo "2137"]

1.d4 Nf6 2.c4 c5 3.d5 e5 4.Nc3 d6 5.e4 Be7 6.Bd3 O-O 7.h3 Ne8 8.Nf3 g6 9.Bh6
Ng7 10.g4 Nd7 11.h4 Nf6 12.Nh2 Nfe8 13.Qd2 Bxh4 14.O-O-O Be7 15.Rdg1 f6 16.f4
g5 17.fxg5 fxg5 18.Nf1 Rf6 19.Ne3 Rf7 20.Nf5 Bxf5 21.exf5 {#r} 1-0

[Event "Olympiad"]
[Site "masterchessopen.com - Siegen (Germany)"]
[Round "5"]
[White "Galeb Antoine"]
[Black "Reicher Emanoil (ROM)"]
[Result "0-1"]
[WhiteElo "2200"]
[BlackElo "2310"]

1.d4 Nf6 2.c4 c5 3.d5 e5 4.Nc3 d6 5.e4 Be7 6.h3 O-O 7.Bd3 Nbd7 8.Nf3 Ne8 9.O-O
g6 10.Qc2 Ng7 11.Nh2 f5 12.exf5 gxf5 13.Bh6 e4 14.Be2 Bf6 15.f3 Bd4+ 16.Kh1
Nh5 17.g3 Nxg3+ 18.Kg2 Nxf1 19.Rxf1 Rf6 20.Bf4 Rg6+ 21.Kh1 Qh4 22.Bxd6 Rxd6
{#R} 0-1

[Event "Ch World (juniors) (under 18)"]
[Site "masterchessopen.com - Athens (Greece)"]
[Round "0"]
[White "Haik Aldo (FRA)"]
[Black "Wach Slawomir (POL)"]
[Result "1-0"]
[WhiteElo "2390"]
[BlackElo "2290"]

1.d4 Nf6 2.c4 c5 3.d5 e5 4.Nc3 d6 5.e4 Be7 6.Bd3 O-O 7.Nge2 Nh5 8.Be3 Bg5
9.Qd2 Bxe3 10.Qxe3 g6 11.O-O-O f5 12.exf5 gxf5 13.g4 fxg4 14.Qh6 Nf6 15.h3 e4
16.Nxe4 Nxe4 17.Bxe4 Qe7 18.Ng3 gxh3 19.Nh5 Rf7 20.Bxh7+ Rxh7 21.Rhg1+ Kh8
22.Nf6 {#r} 1-0

[Event "Ch DDR"]
[Site "masterchessopen.com - Straussberg (Germany)"]
[Round "2"]
[White "Malich Burkhard Dr (GER)"]
[Black "Schoeneberg Manfred (GER)"]
[Result "1-0"]
[WhiteElo "2450"]
[BlackElo "2279"]

1.d4 Nf6 2.c4 c5 3.d5 e5 4.Nc3 d6 5.e4 Be7 6.Be2 Nbd7 7.Nf3 Nf8 8.h4 a6 9.a3
Bg4 10.Nd2 Bxe2 11.Qxe2 h5 12.Nf1 g6 13.Ne3 Ng4 14.g3 Nxe3 15.Bxe3 f5 16.f4
Nd7 17.exf5 gxf5 18.fxe5 dxe5 19.d6 Bxd6 20.O-O-O {#r} 1-0

[Event "Tournament"]
[Site "masterchessopen.com - Albertslund (Denmark)"]
[Round "5"]
[White "Bjerre Troels (DEN)"]
[Black "Brinck-Claussen Bjorn (DEN)"]
[Result "1-0"]
[WhiteElo "2320"]
[BlackElo "2263"]

1.d4 Nf6 2.c4 c5 3.d5 e5 4.Nc3 d6 5.e4 Be7 6.g3 O-O 7.Bg2 a6 8.a4 b6 9.Nf3 Ne8
10.O-O g6 11.Bh6 Ng7 12.Qd2 Ra7 13.Ne1 f5 14.Nd3 Nd7 15.f4 exf4 16.Nxf4 Ne5
17.Ne6 Nxe6 18.dxe6 Bxe6 19.Bxf8 Bg5 20.Qxd6 Qf6 21.exf5 gxf5 22.Bd5 {#r} 1-0

[Event "Olympiad"]
[Site "masterchessopen.com - Nice (France)"]
[Round "2"]
[White "Mushin FS"]
[Black "Rodriguez Cordoba Jesus R (CUB)"]
[Result "0-1"]
[WhiteElo "2200"]
[BlackElo "2390"]

1.d4 Nf6 2.c4 c5 3.d5 e5 4.dxe6 fxe6 5.Nc3 d5 6.e3 Nc6 7.Nf3 Be7 8.g3 d4
9.exd4 cxd4 10.Ne2 e5 11.Bg2 Bg4 12.O-O d3 13.Nc3 e4 14.Nxe4 Nxe4 15.Re1 Nc5
16.b4 Nxb4 17.Qd2 Nc2 18.Bb2 O-O 19.Ne5 Be6 20.Nxd3 Qxd3 21.Qxd3 Nxd3 22.Rxe6
Nxa1 23.Rxe7 Nxb2 24.Re1 Nc2 {#R} 0-1

[Event "Zt"]
[Site "masterchessopen.com - Reykjavik (Iceland)"]
[Round "0"]
[White "Van Den Broeck Hans (BEL)"]
[Black "Hartston William R (ENG)"]
[Result "0-1"]
[WhiteElo "2230"]
[BlackElo "2475"]

1.d4 Nf6 2.c4 c5 3.d5 e5 4.Nc3 d6 5.e4 Be7 6.Bd3 O-O 7.h3 Nbd7 8.Nf3 a6 9.g4
Ne8 10.a4 g6 11.Bh6 Ng7 12.Qc2 Nf6 13.Ne2 Bd7 14.O-O Kh8 15.Ng3 Ng8 16.Bxg7+
Kxg7 17.Kh2 Bg5 18.Nxg5 Qxg5 19.a5 Nf6 20.Rae1 h5 21.f3 hxg4 22.hxg4 Rh8+
23.Kg1 Rh3 24.Qg2 Qh4 {#R} 0-1

[Event "It"]
[Site "masterchessopen.com - Bonn (Germany)"]
[Round "9"]
[White "Reefschlaeger Helmut Dr (GER)"]
[Black "Van Riemsdijk Herman C (BRA)"]
[Result "0-1"]
[WhiteElo "2248"]
[BlackElo "2435"]

1.d4 Nf6 2.c4 c5 3.d5 e5 4.Nc3 d6 5.e4 a6 6.a4 Nbd7 7.g3 g6 8.Bg2 Bg7 9.Nf3
O-O 10.O-O Kh8 11.Ne1 Ng8 12.Nd3 b6 13.Bd2 Ne7 14.a5 b5 15.cxb5 axb5 16.b4 c4
17.Ne1 Ba6 18.f4 exf4 19.gxf4 f5 20.Rc1 Nf6 21.exf5 Nxf5 22.Nf3 Ng4 23.Re1 Qd7
24.h3 Qa7+ {#R} 0-1

[Event "Bundesliga 1983/84"]
[Site "masterchessopen.com - Germany"]
[Round "0"]
[White "Ostermeyer Peter Dr (GER)"]
[Black "Gscheidlen Wilfried"]
[Result "1-0"]
[WhiteElo "2450"]
[BlackElo "2205"]

1.d4 Nf6 2.c4 c5 3.d5 e5 4.Nc3 d6 5.e4 Be7 6.g3 O-O 7.Bg2 Ne8 8.Nge2 Bg5 9.f4
exf4 10.gxf4 Bh4+ 11.Ng3 f5 12.O-O fxe4 13.Ncxe4 h6 14.Bd2 Nd7 15.Qh5 Be7
16.Bc3 Rf7 17.Ng5 hxg5 18.fxg5 Rxf1+ 19.Rxf1 Bxg5 20.Qf7+ Kh8 21.Qf8+ {#r} 1-0

[Event "Ch Malaga"]
[Site "masterchessopen.com - Malaga (Spain)"]
[Date "1984.04.21"]
[Round "3"]
[White "Fernandez Diez Jose Maria"]
[Black "Munoz Moreno Francisco J (ESP)"]
[Result "0-1"]
[WhiteElo "2077"]
[BlackElo "2306"]

1.d4 Nf6 2.c4 c5 3.d5 e5 4.Nc3 d6 5.e4 g6 6.f4 exf4 7.Bxf4 Bg7 8.Qa4+ Bd7
9.Qc2 Qe7 10.O-O-O O-O 11.h3 Nh5 12.Bh2 Ng3 13.Bxg3 Qg5+ 14.Kb1 Qxg3 15.Nf3
Na6 16.Ne2 Qf2 17.Qb3 f5 18.e5 dxe5 19.Ng5 e4 20.g4 Nb4 21.Ng3 Ba4 {#R} 0-1

[Event "?"]
[Site "masterchessopen.com - Helsinki (Finland)"]
[Round "0"]
[White "Ojanen Kaarle S (FIN)"]
[Black "Raisa Unto (FIN)"]
[Result "1-0"]
[WhiteElo "2335"]
[BlackElo "2130"]

1.d4 Nf6 2.c4 c5 3.d5 e5 4.Nc3 d6 5.e4 Be7 6.Be2 O-O 7.g4 Ne8 8.h4 g6 9.Bh6
Ng7 10.Qd3 f6 11.Nh3 Na6 12.f4 exf4 13.Nxf4 Rf7 14.O-O-O Bf8 15.Rdf1 Nc7 16.e5
dxe5 17.Nxg6 hxg6 18.Qxg6 Ne8 19.Ne4 Be7 20.Ng5 {#r} 1-0

[Event "Ch Slovakia"]
[Site "masterchessopen.com - Sala (Slovakia)"]
[Round "3"]
[White "Ac Michal (SVK)"]
[Black "Biro Karol (SVK)"]
[Result "1-0"]
[WhiteElo "2174"]
[BlackElo "2158"]

1.d4 Nf6 2.c4 c5 3.d5 e5 4.Nc3 d6 5.e4 Be7 6.g3 O-O 7.Bg2 Ne8 8.Nge2 Bg5 9.f4
exf4 10.gxf4 Bh6 11.Qd3 Bg4 12.Bd2 Nd7 13.Ng3 Qh4 14.h3 Bh5 15.O-O g6 16.Be1
Bg7 17.Nf5 Qf6 18.Bh4 {#r} 1-0

[Event "?"]
[Site "masterchessopen.com - Berlin (Germany)"]
[Round "2"]
[White "Farago Ivan (HUN)"]
[Black "Goy Udo (GER)"]
[Result "1-0"]
[WhiteElo "2475"]
[BlackElo "2193"]

1.d4 Nf6 2.c4 c5 3.d5 e5 4.Nc3 d6 5.e4 Be7 6.Be2 Nbd7 7.Nf3 Nf8 8.O-O Ng6
9.Ne1 Nf4 10.Bxf4 exf4 11.Nd3 g5 12.b4 cxb4 13.Qa4+ Kf8 14.Qxb4 Nd7 15.Nb5 Qb6
16.e5 Nxe5 17.Nxe5 a6 18.c5 dxc5 19.Qc3 Bf6 20.d6 axb5 21.Nd7+ Bxd7 22.Qxf6
{#r} 1-0

[Event "Bundesliga 1987/88 (2nd)"]
[Site "masterchessopen.com - Germany"]
[Round "0"]
[White "Tatenhorst Volker (GER)"]
[Black "Schulz Tina (GER)"]
[Result "0-1"]
[WhiteElo "2213"]
[BlackElo "1946"]

1.d4 Nf6 2.c4 c5 3.d5 e5 4.Nc3 d6 5.e4 g6 6.f3 Nh5 7.Be3 Bg7 8.Nge2 f5 9.exf5
gxf5 10.Qd2 Na6 11.O-O-O Nc7 12.g4 fxg4 13.fxg4 Bxg4 14.Rg1 Qd7 15.Bg5 h6
16.Ne4 hxg5 {#R} 0-1

[Event "Ch France (team)"]
[Site "masterchessopen.com - France"]
[Round "0"]
[White "Cairou Yannick (FRA)"]
[Black "Dussol Pierre (FRA)"]
[Result "0-1"]
[WhiteElo "2095"]
[BlackElo "2220"]

1.d4 Nf6 2.c4 c5 3.d5 e5 4.Nc3 d6 5.e4 Nbd7 6.Bd3 Be7 7.Be3 a6 8.a4 Nf8 9.f3
Ng6 10.Nge2 Nh5 11.Qd2 h6 12.g3 Bg5 13.f4 exf4 14.gxf4 Bxf4 15.Nxf4 Qh4+
16.Kd1 Nhxf4 17.Kc2 Nxd3 18.Qxd3 Ne5 19.Qf1 Bh3 20.Qe2 Bg4 21.Qf1 Bf3 22.Re1
Bxh1 23.Qxh1 Nxc4 24.Bc1 O-O {#R} 0-1

[Event "It"]
[Site "masterchessopen.com - Sagua la Grande (Cuba)"]
[Round "2"]
[White "Arencibia Walter (CUB)"]
[Black "Armas Jorge (CUB)"]
[Result "1-0"]
[WhiteElo "2395"]
[BlackElo "2381"]

1.d4 Nf6 2.c4 c5 3.d5 e5 4.Nc3 d6 5.e4 Be7 6.Nge2 O-O 7.Ng3 Na6 8.Nf5 Bxf5
9.exf5 Ne8 10.h4 Nac7 11.g4 Bxh4 12.Ne4 Nf6 13.Nxd6 Qxd6 14.Rxh4 g6 15.g5 Nh5
16.Rxh5 gxh5 17.f6 e4 18.Qxh5 Qe5 19.Qh6 Ne8 20.Bh3 Qh2 21.Be3 {#r} 1-0

[Event "Staatsliga"]
[Site "masterchessopen.com - Austria"]
[Round "0"]
[White "Danner Georg (AUT)"]
[Black "Roth Peter (AUT)"]
[Result "1-0"]
[WhiteElo "2408"]
[BlackElo "2262"]

1.d4 Nf6 2.c4 c5 3.d5 e5 4.Nc3 d6 5.e4 Nbd7 6.Nf3 a6 7.Be2 Be7 8.O-O O-O 9.Ne1
Ne8 10.g3 g6 11.Nd3 Ng7 12.a3 f5 13.b4 b6 14.bxc5 bxc5 15.Rb1 Nf6 16.f3 h5
17.Bh6 Nh7 18.f4 exf4 19.Nxf4 Bf6 20.Na4 Qe8 21.Nb6 Qxe4 22.Bf3 Qd4+ 23.Qxd4
Bxd4+ 24.Kg2 Re8 {#r} 1-0

[Event "It (open)"]
[Site "masterchessopen.com - Torcy (France)"]
[Round "0"]
[White "Petracco Gilles (FRA)"]
[Black "Dussol Pierre (FRA)"]
[Result "0-1"]
[WhiteElo "2005"]
[BlackElo "2220"]

1.d4 Nf6 2.c4 c5 3.d5 e5 4.Nc3 d6 5.e4 Nbd7 6.Nf3 Be7 7.g3 O-O 8.Bg2 Kh8 9.O-O
a6 10.Ne1 b5 11.cxb5 axb5 12.Nd3 b4 13.Ne2 Ba6 14.b3 Qb6 15.Nb2 Qb5 16.Nc4 Nb6
17.Nxb6 Qxb6 18.Be3 Bb5 19.Bf3 Qa6 20.Re1 Bd3 21.Nc1 Bxe4 22.Be2 Qb7 {#R} 0-1

[Event "It (open)"]
[Site "masterchessopen.com - Bern (Switzerland)"]
[Round "2"]
[White "Gheorghiu Florin (ROM)"]
[Black "Bucher Rolf (SUI)"]
[Result "1-0"]
[WhiteElo "2500"]
[BlackElo "2011"]

1.d4 Nf6 2.c4 c5 3.d5 e5 4.Nc3 d6 5.e4 g6 6.Bd3 Nh5 7.Nge2 Be7 8.h3 Bg5 9.g4
Ng7 10.Bxg5 Qxg5 11.Nb5 Qe7 12.Qd2 h5 13.O-O-O Na6 14.f4 Bd7 15.f5 g5 16.h4
hxg4 17.hxg5 {#r} 1-0

[Event "It (open)"]
[Site "masterchessopen.com - Habana (Cuba)"]
[Round "0"]
[White "Pina Ulises (CUB)"]
[Black "Lopez Carlos Manuel (CUB)"]
[Result "1-0"]
[WhiteElo "2302"]
[BlackElo "2316"]

1.d4 Nf6 2.c4 c5 3.d5 e5 4.Nc3 d6 5.g3 Be7 6.Bg2 O-O 7.a3 Ne8 8.e3 f5 9.Nge2
Nd7 10.b4 b6 11.f4 Bf6 12.O-O g6 13.Bd2 Bg7 14.Rc1 Qe7 15.Qe1 Ndf6 {#r} 1-0

[Event "It (open)"]
[Site "masterchessopen.com - Le Touquet (France)"]
[Round "0"]
[White "Le Roux Jean-Pierre (FRA)"]
[Black "Donrault Patrick (FRA)"]
[Result "0-1"]
[WhiteElo "2522"]
[BlackElo "2202"]

1.d4 Nf6 2.c4 c5 3.d5 e5 4.Nc3 d6 5.e4 g6 6.Bd3 Bg7 7.Nge2 O-O 8.O-O Ne8 9.f4
exf4 10.Nxf4 Nd7 11.Bc2 Ne5 12.Qe2 Bg4 13.Qe3 Nxc4 14.Qg3 Ne5 15.h3 Bd7
16.Nce2 Nf6 17.Nxg6 fxg6 {#R} 0-1

[Event "It"]
[Site "masterchessopen.com - Arandjelovac (Yugoslavia)"]
[Round "7"]
[White "Jovanovic Sasa T (SRB)"]
[Black "Miladinovic Igor (SRB)"]
[Result "0-1"]
[WhiteElo "2276"]
[BlackElo "2560"]

1.d4 Nf6 2.c4 c5 3.d5 e5 4.Nc3 d6 5.e4 Be7 6.Nf3 Nbd7 7.Be2 Nf8 8.a3 Ng6 9.b4
b6 10.g3 Bh3 11.Ng5 Bd7 12.h4 h6 13.Nf3 Qc8 14.Nd2 a6 15.bxc5 bxc5 16.Rb1 Bd8
17.Qc2 Ba5 18.Nd1 Nxe4 19.O-O Nxd2 20.Bxd2 Bxd2 21.Qxd2 O-O 22.h5 Ne7 23.f4
Nf5 24.Kh2 Nd4 {#R} 0-1

[Event "It (open)"]
[Site "masterchessopen.com - Copenhagen (Denmark)"]
[Round "10"]
[White "Nielsen Carsten Juul (DEN)"]
[Black "Krogh Carsten (DEN)"]
[Result "0-1"]
[WhiteElo "2087"]
[BlackElo "2279"]

1.d4 Nf6 2.c4 c5 3.d5 e5 4.Nc3 d6 5.e4 g6 6.Nge2 Nh5 7.g3 Bg7 8.Bg2 O-O 9.Bd2
f5 10.f3 Na6 11.Nc1 f4 12.g4 Bxg4 13.fxg4 Qh4+ 14.Kf1 f3 15.Bxf3 Qxg4 16.Kf2
Rxf3+ 17.Qxf3 Rf8 18.Qxf8+ Bxf8 19.a3 Be7 20.N1e2 Nf4 21.Ng3 Qh3 22.Raf1 Qg2+
23.Ke3 Bg5 24.Nce2 Nxe2+ {#R} 0-1

[Event "It (open)"]
[Site "masterchessopen.com - New York (USA)"]
[Round "7"]
[White "Klovsky Rafail (UKR)"]
[Black "Kurtzman Mark (USA)"]
[Result "1-0"]
[WhiteElo "2305"]
[BlackElo "2159"]

1.d4 Nf6 2.c4 c5 3.d5 e5 4.Nc3 d6 5.e4 Be7 6.g3 O-O 7.Bg2 Na6 8.Nge2 Nc7 9.O-O
Rb8 10.a4 Na6 11.h3 Ne8 12.f4 Nb4 13.Kh1 b6 14.Ng1 a6 15.Nf3 Bf6 16.Be3 Qe7
17.f5 Nc7 18.Qb3 Bxf5 19.g4 {#r} 1-0

[Event "Cup Iwex"]
[Site "masterchessopen.com - Pardubice (Czech Republic)"]
[Round "6"]
[White "Vozka Pavel (CZE)"]
[Black "Trojacek Otakar (CZE)"]
[Result "1-0"]
[WhiteElo "2270"]
[BlackElo "2160"]

1.d4 Nf6 2.c4 c5 3.d5 e5 4.Nc3 d6 5.e4 Na6 6.Bd3 Bd7 7.f4 exf4 8.Bxf4 Ng4
9.Nf3 f6 10.O-O g5 11.Bd2 Qe7 12.h3 h5 13.e5 Nxe5 14.Nxe5 dxe5 15.Bg6+ Kd8
16.Ne4 Bg7 17.Qb3 Rh6 18.Qxb7 {#r} 1-0

[Event "Cup Doeberl"]
[Site "masterchessopen.com - Canberra (Australia)"]
[Round "2"]
[White "Reilly Tim (AUS)"]
[Black "Wastell Gary"]
[Result "1-0"]
[WhiteElo "2266"]
[BlackElo "2200"]

1.d4 Nf6 2.c4 c5 3.d5 e5 4.Nc3 d6 5.e4 Be7 6.h3 O-O 7.g4 a6 8.a4 Nbd7 9.Bd3
Rb8 10.Be3 Ne8 11.Qd2 Qa5 12.Nge2 Nc7 13.Ng3 b5 14.Nf5 Re8 15.cxb5 Qb4 16.Qe2
axb5 17.axb5 Nb6 18.O-O Bxf5 19.gxf5 c4 20.Bc2 Qxb2 21.Bxb6 Rxb6 22.Na4 Qxb5
23.Rfb1 {#r} 1-0

[Event "Ch Denmark (team) 1994/95"]
[Site "masterchessopen.com - Denmark"]
[Round "1"]
[White "Barkhagen Jonas (SWE)"]
[Black "Pedersen Jan (DEN)"]
[Result "1-0"]
[WhiteElo "2400"]
[BlackElo "2011"]

1.d4 Nf6 2.c4 c5 3.d5 e5 4.Nc3 d6 5.e4 Be7 6.g3 O-O 7.Bg2 Ne8 8.Nge2 Bg5 9.f4
exf4 10.gxf4 Bh4+ 11.Ng3 f5 12.O-O fxe4 13.Ncxe4 h6 14.Qh5 Bxg3 15.hxg3 Nf6
16.Qg6 Nxe4 17.Bxe4 Rf6 18.Qh7+ Kf7 19.Bd2 Nd7 20.Bf3 Qg8 21.Bh5+ Kf8 22.Rae1
{#r} 1-0

[Event "Olympiad"]
[Site "masterchessopen.com - Moscow (Russia)"]
[Round "4"]
[White "Atalik Suat (BIH)"]
[Black "Abdul Wahab A Rasheed (IRQ)"]
[Result "1-0"]
[WhiteElo "2535"]
[BlackElo "2375"]

1.d4 Nf6 2.c4 c5 3.d5 e5 4.Nc3 d6 5.e4 Be7 6.Bd3 Nbd7 7.Nge2 Nf8 8.Ng3 Ng6
9.Nf5 O-O 10.g3 Re8 11.Qf3 h6 12.h4 Bf8 13.Be3 a6 14.a3 Nh7 15.b4 b6 16.Rb1
Ne7 17.Bc2 Nxf5 18.exf5 Be7 19.Bd2 Bd7 {#r} 1-0

[Event "Olympiad"]
[Site "masterchessopen.com - Moscow (Russia)"]
[Round "13"]
[White "Hughes S (WLS)"]
[Black "Samer M Ibrahim (IRQ)"]
[Result "0-1"]
[WhiteElo "2140"]
[BlackElo "2354"]

1.d4 Nf6 2.c4 c5 3.d5 e5 4.Nc3 d6 5.e4 Be7 6.Bd3 Nbd7 7.Nge2 h5 8.h3 h4 9.O-O
Nh5 10.Qa4 Bg5 11.f4 exf4 12.Nxf4 Nxf4 13.Bxf4 Bxf4 14.Rxf4 O-O 15.Raf1 Ne5
16.Be2 Qg5 17.Bg4 Bxg4 18.hxg4 a6 19.Nd1 Rae8 20.Qb3 Ng6 21.Rf5 Qxg4 22.Nf2
Qg3 23.Rf3 Qe5 24.Qxb7 Nf4 {#R} 0-1

[Event "Olympiad (w)"]
[Site "masterchessopen.com - Moscow (Russia)"]
[Round "7"]
[White "Saraiva Tania (POR)"]
[Black "Ipek Ali (TUR)"]
[Result "0-1"]
[WhiteElo "1911"]
[BlackElo "2161"]

1.d4 Nf6 2.c4 c5 3.d5 e5 4.Nc3 d6 5.e4 Be7 6.Bd3 O-O 7.Nge2 Ne8 8.Qc2 Bg5 9.f4
exf4 10.Nxf4 Nd7 11.O-O Ne5 12.Be2 g6 13.Nd3 Nxc4 {#R} 0-1

[Event "It (cat.2)"]
[Site "masterchessopen.com - Budapest (Hungary)"]
[Round "0"]
[White "Vigh Bela (HUN)"]
[Black "Nazarenus Olaf (GER)"]
[Result "1-0"]
[WhiteElo "2355"]
[BlackElo "2046"]

1.d4 c5 2.d5 Nf6 3.c4 e5 4.Nc3 Bd6 5.e4 Bc7 6.Bd3 Ba5 7.Ne2 d6 8.Ng3 O-O 9.O-O
Bxc3 10.bxc3 Re8 11.h3 Nbd7 12.f4 exf4 13.Bxf4 Qe7 14.Nf5 {#r} 1-0

[Event "Olympiad (corr.)"]
[Site "masterchessopen.com - corr."]
[Round "0"]
[White "Trapl Jindrich (CZE)"]
[Black "Korelov Alexander P (RUS)"]
[Result "1-0"]
[WhiteElo "2360"]
[BlackElo "2375"]

1.d4 Nf6 2.c4 c5 3.d5 e5 4.Nc3 d6 5.e4 Be7 6.Nf3 O-O 7.h3 Na6 8.Bd3 Nc7 9.Qe2
Bd7 10.Nh2 Nfe8 11.O-O Bf6 12.f4 exf4 13.Bxf4 Be5 14.Be3 Qe7 15.Nf3 b6 16.a3
Na6 17.Qd2 Bc8 18.Rab1 f6 19.b4 Bd7 20.Nb5 Nac7 21.Nxe5 fxe5 22.Rxf8+ Kxf8
23.Rf1+ Kg8 24.Bg5 {#r} 1-0

[Event "Memorial Filidor"]
[Site "masterchessopen.com - Paris (France)"]
[Round "4"]
[White "Relange Eloi (FRA)"]
[Black "Bricard Emmanuel (FRA)"]
[Result "0-1"]
[WhiteElo "2455"]
[BlackElo "2485"]

1.d4 Nf6 2.c4 c5 3.d5 e5 4.Nc3 d6 5.e4 Be7 6.Nge2 h5 7.h4 g6 8.g3 Na6 9.a3 Bd7
10.f3 Nh7 11.f4 Bf6 12.Bg2 exf4 13.Bxf4 Qe7 14.Qb3 Bg4 15.Nc1 g5 16.hxg5 Nxg5
17.Nb5 Rd8 18.O-O Nh3+ 19.Kh2 h4 20.Nd3 hxg3+ 21.Kxg3 Bd4 {#R} 0-1

[Event "It (open)"]
[Site "masterchessopen.com - Debrecen (Hungary)"]
[Round "7"]
[White "Kiss Pal (HUN)"]
[Black "Mester Gyula (HUN)"]
[Result "1-0"]
[WhiteElo "2470"]
[BlackElo "2340"]

1.d4 Nf6 2.c4 c5 3.d5 e5 4.Nc3 d6 5.e4 Be7 6.h3 O-O 7.Nf3 a6 8.a4 b6 9.Bd3 Ne8
10.g4 Ra7 11.Qe2 Kh8 12.Kd1 g6 13.Bh6 Ng7 14.Kc2 Nd7 15.Rag1 Nf6 16.Be3 Ng8
17.h4 f5 18.h5 f4 19.hxg6 h6 20.g5 {#r} 1-0

[Event "It (open)"]
[Site "masterchessopen.com - Gold Coast (Australia)"]
[Round "6"]
[White "Leskiewicz Maksymilian (AUS)"]
[Black "Smerdon David (AUS)"]
[Result "1-0"]
[WhiteElo "2155"]
[BlackElo "2513"]

1.d4 Nf6 2.c4 c5 3.d5 e5 4.Nc3 d6 5.e4 Be7 6.Bd3 Nbd7 7.Nf3 Nf8 8.h4 h5 9.g3
Bg4 10.Be2 Qd7 11.Ng5 N8h7 12.f3 O-O-O 13.fxg4 Nxg5 14.Bxg5 {#r} 1-0

[Event "It (open)"]
[Site "masterchessopen.com - Graz (Austria)"]
[Round "0"]
[White "Farago Ivan (HUN)"]
[Black "Dewenter Ulf (GER)"]
[Result "1-0"]
[WhiteElo "2515"]
[BlackElo "2290"]

1.d4 c5 2.d5 Nf6 3.c4 e5 4.Nc3 d6 5.e4 Be7 6.Be2 O-O 7.Nf3 Nbd7 8.O-O Ne8 9.a3
g6 10.Bh6 Ng7 11.Qd2 Nf6 12.Ne1 a6 13.Nd3 b5 14.cxb5 axb5 15.b4 Bb7 16.f3 Nd7
17.Nxb5 cxb4 18.Nxb4 Nc5 19.Bc4 Rc8 20.Rac1 f6 21.Nc6 Qe8 22.Be3 {#r} 1-0

[Event "It (open)"]
[Site "masterchessopen.com - Koszalin (Poland)"]
[Round "2"]
[White "Szymanski Marcin (POL)"]
[Black "Kislov Sergey (RUS)"]
[Result "0-1"]
[WhiteElo "2100"]
[BlackElo "2365"]

1.d4 Nf6 2.c4 c5 3.d5 e5 4.Nc3 d6 5.e4 Be7 6.h3 Nbd7 7.Bd3 h5 8.Nge2 h4 9.Be3
Nh5 10.Qd2 g5 11.g4 Nf4 12.O-O-O a6 13.Kc2 Bf6 14.Rb1 O-O 15.f3 Re8 16.Kd1 Qa5
17.a3 Nf8 18.Ke1 Bd7 19.Nc1 b5 20.b4 Qxa3 21.Rb3 Qxc1+ 22.Qxc1 Nxd3+ {#R} 0-1

[Event "It \"]
[Site "masterchessopen.com - Moscow (Russia)"]
[Round "9"]
[White "Maksimenko Andrei (UKR)"]
[Black "Arbakov Valentin (RUS)"]
[Result "1-0"]
[WhiteElo "2545"]
[BlackElo "2510"]

1.d4 Nf6 2.c4 c5 3.d5 e5 4.Nc3 d6 5.e4 Be7 6.Nf3 Bg4 7.g3 h5 8.Be2 Bh3 9.Ng5
Bd7 10.h4 g6 11.O-O Na6 12.f4 exf4 13.Bxf4 O-O 14.e5 dxe5 15.Bxe5 Ng4 16.Bxg4
Bxg4 17.Qd2 f6 18.d6 fxe5 19.Qd5+ Kg7 20.Rf7+ {#r} 1-0

[Event "It (open)"]
[Site "masterchessopen.com - New York (USA)"]
[Round "9"]
[White "Belakovskaia Anjelina (USA)"]
[Black "Foygel Igor (USA)"]
[Result "1-0"]
[WhiteElo "2350"]
[BlackElo "2430"]

1.d4 Nf6 2.c4 c5 3.d5 e5 4.Nc3 d6 5.g3 g6 6.h4 Bg7 7.Bh3 Bxh3 8.Nxh3 Nbd7 9.e4
O-O 10.g4 h5 11.f3 a6 12.Nf2 b5 13.Ne2 bxc4 14.Ng3 Rb8 15.Qe2 c3 16.bxc3 Qa5
17.Nd1 c4 18.gxh5 Nc5 19.h6 Nd3+ 20.Kf1 Nxc1 21.Qe3 Nd3 22.hxg7 Kxg7 23.Nf5+
{#r} 1-0

[Event "It (open)"]
[Site "masterchessopen.com - North Bay (Canada)"]
[Round "0"]
[White "Sagalchik Gennadij (USA)"]
[Black "Boudy Julio (CUB)"]
[Result "1-0"]
[WhiteElo "2525"]
[BlackElo "2280"]

1.d4 Nf6 2.c4 c5 3.d5 e5 4.Nc3 d6 5.e4 Be7 6.Bd3 O-O 7.h3 Na6 8.Nge2 Nc7 9.a3
a5 10.Be3 Kh8 11.O-O Ng8 12.Qd2 a4 13.Rab1 Ra6 14.Kh1 Bd7 15.f4 f6 16.Ng3 Re8
17.Be2 Bf8 18.b3 axb3 19.Rxb3 Qa8 20.Qb2 Rb8 21.fxe5 fxe5 22.Rf7 Nf6 23.Nh5
Nce8 {#r} 1-0